Pascalsches Dreieck - Statistiken

Allgemein
  • Dieses Quiz wurde 50 mal gespielt
  • Das Durchschnittsergebnis liegt bei 53 aus 55
Antwortstatistiken
Antwort % Korrekt
1
100%
1
100%
1
100%
1
100%
1
100%
1
100%
1
100%
1
100%
1
100%
1
100%
1
100%
1
100%
1
100%
1
100%
1
100%
1
100%
1
100%
1
100%
1
100%
2
100%
3
100%
3
100%
4
100%
4
100%
5
100%
5
100%
7
100%
7
100%
8
100%
8
100%
9
100%
9
100%
10
98%
10
98%
6
98%
6
98%
6
98%
20
95%
15
91%
15
91%
28
91%
28
91%
21
89%
21
89%
35
89%
35
89%
56
86%
56
86%
36
84%
36
84%
70
84%
84
84%
84
84%
126
77%
126
77%
Keine übereinstimmenden Quizze gefunden
Verteilung der Resultate
Anzahl Personen mit jedem Resultat
Perzentil nach korrekt beantworteten Fragen
Ihre Resultats-Entwicklung
Sie haben dieses Quiz noch nicht gespielt